000 00660nam a2200169Ia 4500
008 220216s9999 xx 000 0 und d
100 _aNair N.R.
245 2 _aA modified solar-cum smoke dryer for sheet rubber
260 _bPlacrosym XI, 1994, Calicut, India. Journal of Plantation Crops 24(Supplement)(Eds. K.V. Peter, Y.R. Sarma, V. Rajagopal, K.V. Ramana, S. Devasahayam and K.S. Krishnamurthy). Indian Society for Plantation Crops, Kasaragod, India, pp. 733-737.
_c1996
650 _aDrying equipment
650 _aFirewood backup
650 _aSheet rubber
650 _aSolar energy
700 _aMathew N.M.
700 _aScheb R.
942 _cBS
999 _c52726
_d52726